000 00841nam a22001697a 4500
999 _c62616
_d62616
003 Ge_BSU
005 20241218171548.0
008 241218s1960 ge ||||| |||| 00| 0 geo d
041 _ageo
080 _a611.018(076.5) ლ-46
100 _aლეჟავა, ა.
_924006
245 _aჰისტოლოგიის პრაქტიკუმი :
_b [დამხმ. სახელმძღვ. ხერხემლიან ცხოველთა და ადამიანის ჰისტოლოგიაში უნ-ტის ბიოლ. ფაკ-ტის სტუდ.] /
_cა. ლეჟავა.
264 _aთბ. :
_bთბილ. უნ-ტის გამ-ბა,
_c1960.
300 _a183 გვ. :
_b ილ. ;
_c 24 სმ.
653 _a ჰისტოლოგია
942 _2udc
_cᲬᲘᲒᲜᲘ